| Tag |
First Indicator |
Second Indicator |
Subfields |
| LEADER |
00000cam a2200000 4500 |
| 001 |
in00000072251 |
| 005 |
20151008052442.0 |
| 008 |
750911c19551956ilu 00000 eng |
| 010 |
|
|
|a 55010723
|
| 035 |
|
|
|a (OCoLC)01617899
|
| 035 |
|
|
|9 AAH3409AM
|
| 040 |
|
|
|a DLC
|c FNP
|d TXA
|d UtOrBLW
|
| 049 |
|
|
|a TXAM
|c [462039]
|
| 050 |
|
0 |
|a HV95
|b .U65
|
| 082 |
0 |
|
|a 351.8
|
| 092 |
|
|
|a 361.6
|b U67u
|
| 110 |
2 |
|
|a W.E. Upjohn Institute for Employment Research.
|
| 245 |
1 |
0 |
|a Unemployment and relief from the local government point of view ;
|b a report of the W.E. Upjohn Institute for Community Research /
|c [by] Samuel V. Bennett.
|
| 264 |
|
1 |
|a Chicago :
|b Public Administration Service,
|c 1955
|
| 264 |
|
4 |
|c [©1956]
|
| 300 |
|
|
|a xiv, 273 pages ;
|c 24 cm.
|
| 336 |
|
|
|a text
|b txt
|2 rdacontent
|
| 337 |
|
|
|a unmediated
|b n
|2 rdamedia
|
| 338 |
|
|
|a volume
|b nc
|2 rdacarrier
|
| 504 |
|
|
|a Bibliography: pages 251-265.
|
| 650 |
|
0 |
|a Unemployment
|z United States.
|
| 650 |
|
0 |
|a Public welfare
|z United States.
|
| 650 |
|
0 |
|a Public service employment
|z United States.
|
| 700 |
1 |
|
|a Bennett, Samuel V.
|
| 999 |
|
|
|a MARS
|
| 999 |
f |
f |
|s 47e0e32d-16cf-3715-81ad-e8f626e158d1
|i 6b14fbba-da98-3fe0-9008-066e002a7a3d
|t 0
|
| 952 |
f |
f |
|p ric
|a Texas A&M University
|b Rellis Campus
|c Joint Library Facility
|d Remote Storage
|t 0
|e HV95 .U65
|h Library of Congress classification
|i unmediated -- volume
|m A14800808976
|
| 998 |
f |
f |
|a HV95 .U65
|t 0
|l Remote Storage
|